|
|
|
|
| LEADER |
01337nam a2200337 a 4500 |
| 001 |
AAL3687 |
| 003 |
BD-DhAAL |
| 005 |
20160209163229.0 |
| 008 |
150208s1997 nyuab b 001 0 eng |
| 010 |
|
|
|a 96020940
|
| 020 |
|
|
|a 0075534002
|
| 020 |
|
|
|a 0075534010 (v. 1 : acidfree paper)
|
| 020 |
|
|
|a 0075534029 (v. 2 : acidfree paper)
|
| 040 |
|
|
|a DLC
|c DLC
|d DLC
|d BD-DhAAL
|
| 050 |
0 |
0 |
|a E183.7
|b .C656 1997
|
| 082 |
0 |
0 |
|a 327.73009
|2 22
|
| 999 |
|
|
|c 33606
|d 33606
|
| 999 |
|
|
|c 33606
|
| 100 |
1 |
|
|a Combs, Jerald A.
|9 8051
|
| 245 |
1 |
4 |
|a The history of American foreign policy /
|c Jerald A. Combs with Arthur G. Combs.
|
| 250 |
|
|
|a 2nd ed.
|
| 260 |
|
|
|a New York :
|b McGraw-Hill,
|c c1997.
|
| 300 |
|
|
|a 2 v. (559 p.) :
|b ill., maps ;
|c 24 cm.
|
| 504 |
|
|
|a Includes bibliographical references and index.
|
| 505 |
0 |
|
|a v. 1. To 1917 -- v. 2. Since 1900.
|
| 541 |
|
|
|e 3687
|
| 651 |
|
0 |
|a United States
|x Foreign relations.
|9 8052
|
| 700 |
1 |
|
|a Combs, Arthur G.
|9 8053
|
| 942 |
|
|
|2 ddc
|c BK
|
| 952 |
|
|
|0 0
|1 0
|2 ddc
|4 0
|6 327_730090000000000_COM
|7 0
|9 52492
|a SCL
|b SCL
|c GEN
|d 2015-02-08
|e Gift: The Asia Foundation
|l 0
|o 327.73009 COM
|p 3020003687
|r 2015-02-08
|t 1
|w 2015-02-08
|y BK
|
| 952 |
|
|
|0 0
|1 0
|2 ddc
|4 0
|6 327_730090000000000_COM
|7 0
|9 52590
|a SCL
|b SCL
|c GEN
|d 2015-02-12
|e Gift: The Asia Foundation
|l 0
|o 327.73009 COM
|p 3020003710
|r 2015-02-12
|t 2
|w 2015-02-12
|y BK
|